[Event "Open Mediterranean 2017"]
[Site "Rijeka CRO"]
[Date "2009.12.01"]
[Round "5.29"]
[White "Klasan, Elvis"]
[Black "Lovik, Lasse Ostebo"]
[Result "0-1"]
[WhiteElo "2066"]
[BlackElo "2379"]
[PlyCount "102"]
[EventDate "2009.11.28"]
[EventType "swiss"]
[EventRounds "9"]
[EventCountry "CRO"]
[Source "lmi"]
[SourceDate "2009.11.28"]

1. b3 d5 2. Bb2 Nf6 3. e3 Nbd7 4. Nf3 g6 5. c4 Bg7 6. cxd5 O-O 7. Be2 Nb6 8.
O-O Nbxd5 9. d4 Ne4 10. Nfd2 Nd6 11. Nc3 Nxc3 12. Bxc3 c5 13. Rc1 cxd4 14. Bxd4
Bxd4 15. exd4 Qa5 16. Qc2 Bf5 17. Qb2 Rfd8 18. Nc4 Nxc4 19. bxc4 Qb6 20. Qa3
Rxd4 21. Rfd1 Rxd1+ 22. Rxd1 Qc7 23. Bf3 a6 24. Qb4 Rb8 25. h3 b6 26. Re1 Kf8
27. g4 Be6 28. Bd5 Bxd5 29. cxd5 Qc5 30. Qf4 Rd8 31. Re5 Rxd5 32. Rxd5 Qxd5 33.
Qb8+ Kg7 34. Qxb6 Qxa2 35. Qd4+ f6 36. g5 Qb1+ 37. Kh2 Qf5 38. f4 a5 39. Kg3
Qe6 40. gxf6+ Qxf6 41. Qa7 Qc3+ 42. Kg2 Kf7 43. Qd7 Qc4 44. Qd8 Qe2+ 45. Kg3
Qe3+ 46. Kg2 Qe4+ 47. Kg3 a4 48. Qh8 h5 49. Qh7+ Ke8 50. Qh8+ Kd7 51. Qc3 h4+
0-1

[Event "Open Mediterranean 2017"]
[Site "Rijeka CRO"]
[Date "2009.12.01"]
[Round "5.30"]
[White "Zrilic, Bozo"]
[Black "Doric, Nenad"]
[Result "0-1"]
[WhiteElo "2021"]
[BlackElo "2344"]
[PlyCount "60"]
[EventDate "2009.11.28"]
[EventType "swiss"]
[EventRounds "9"]
[EventCountry "CRO"]
[Source "lmi"]
[SourceDate "2009.11.28"]

1. d4 d5 2. c4 c6 3. Nf3 Nf6 4. e3 e6 5. Nc3 Nbd7 6. Bd3 dxc4 7. Bxc4 b5 8. Bb3
b4 9. Ne2 Bb7 10. O-O Bd6 11. Re1 O-O 12. Nf4 c5 13. d5 exd5 14. Nxd5 Ne4 15.
Qc2 Ndf6 16. Nf4 Qc7 17. Bc4 Rfe8 18. Rd1 Ng4 19. Rf1 Qe7 20. h3 Ne5 21. Nxe5
Qxe5 22. g3 Qf5 23. g4 Qf6 24. Rd1 Ng5 25. Rxd6 Qxd6 26. Kf1 Red8 27. Bd3 Qc6
28. b3 Qh1+ 29. Ke2 Bf3+ 30. Kd2 Ne4# 0-1

[Event "Open Mediterranean 2017"]
[Site "Rijeka CRO"]
[Date "2009.12.01"]
[Round "5.31"]
[White "Solic, Kristina"]
[Black "Steinhart, Christoph"]
[Result "0-1"]
[WhiteElo "2190"]
[BlackElo "2045"]
[PlyCount "114"]
[EventDate "2009.11.28"]
[EventType "swiss"]
[EventRounds "9"]
[EventCountry "CRO"]
[Source "lmi"]
[SourceDate "2009.11.28"]

1. e4 c5 2. Nf3 d6 3. d4 cxd4 4. Nxd4 Nf6 5. Nc3 a6 6. Be3 e6 7. Be2 Be7 8. a4
Nc6 9. O-O O-O 10. Kh1 Bd7 11. f4 Qc7 12. Qe1 Nxd4 13. Bxd4 Bc6 14. Bf3 b6 15.
Rd1 Rfd8 16. Qg3 Qb7 17. e5 Ne8 18. exd6 Rxd6 19. Bxc6 Qxc6 20. Rd3 Rad8 21.
Rfd1 b5 22. axb5 axb5 23. Qe3 R6d7 24. Qe2 Nd6 25. Be5 b4 26. Bxd6 Bxd6 27. Ne4
Bxf4 28. Rf1 e5 29. Rxd7 Rxd7 30. Qg4 f5 31. Qxf5 Rf7 32. Qg4 Qxe4 33. Qe6 Qxc2
34. Ra1 Qe4 35. Rd1 Bg5 36. h3 Qf5 37. Qc4 h5 38. Qxb4 Kh7 39. Qe1 Qf4 40. Qe2
g6 41. b4 Qg3 42. Qc4 Rf2 43. Qc6 Kh6 44. Qa8 Bf6 45. b5 Re2 46. Qf8+ Bg7 47.
Qf1 Qf2 48. Qxf2 Rxf2 49. Rb1 e4 50. b6 Rb2 51. Re1 Rb4 52. b7 Be5 53. Kg1 Kg5
54. Kf2 Kf5 55. Rf1 Bf4 56. g3 Bd6 57. Ke2+ Ke6 0-1

[Event "Open Mediterranean 2017"]
[Site "Rijeka CRO"]
[Date "2009.12.01"]
[Round "5.32"]
[White "Krkljes, Slaven"]
[Black "Haug, Marianne Wold"]
[Result "1-0"]
[WhiteElo "2187"]
[BlackElo "2005"]
[PlyCount "101"]
[EventDate "2009.11.28"]
[EventType "swiss"]
[EventRounds "9"]
[EventCountry "CRO"]
[Source "lmi"]
[SourceDate "2009.11.28"]

1. e4 e5 2. Bc4 Nf6 3. d3 Nc6 4. Nf3 Be7 5. O-O O-O 6. a4 Re8 7. Re1 Bf8 8. Bg5
h6 9. Bh4 g6 10. Nc3 Bg7 11. Qd2 d6 12. Nd5 Kh7 13. Nxf6+ Bxf6 14. Bxf7 Rf8 15.
Bxf6 Qxf6 16. Bd5 Bg4 17. Re3 Qf4 18. Ne1 Ne7 19. Bb3 c6 20. f3 d5 21. Re2 Qxd2
22. Rxd2 Bd7 23. c3 Rad8 24. Nc2 g5 25. exd5 Nxd5 26. Bxd5 cxd5 27. Re1 Bxa4
28. Rxe5 Rfe8 29. Rxe8 Rxe8 30. Nd4 Kg6 31. Kf2 Kf6 32. Re2 Rxe2+ 33. Nxe2 Ke5
34. Ke3 Be8 35. g3 Bh5 36. f4+ Kf5 37. Nd4+ Kg4 38. f5 Bf7 39. Kf2 h5 40. Kg2
h4 41. h3+ Kh5 42. g4+ Kh6 43. Nb5 Be8 44. Nxa7 Bd7 45. c4 Kg7 46. b4 Kf6 47.
c5 Ke5 48. b5 Be8 49. d4+ Kxd4 50. c6 bxc6 51. b6 1-0

[Event "Open Mediterranean 2017"]
[Site "Rijeka CRO"]
[Date "2009.12.01"]
[Round "5.33"]
[White "Staberhofer, Rainer"]
[Black "Petrovic, Marko"]
[Result "0-1"]
[WhiteElo "2170"]
[BlackElo "1979"]
[PlyCount "74"]
[EventDate "2009.11.28"]
[EventType "swiss"]
[EventRounds "9"]
[EventCountry "CRO"]
[Source "lmi"]
[SourceDate "2009.11.28"]

1. e4 c5 2. Nf3 Nf6 3. e5 Nd5 4. c4 Nc7 5. h4 Nc6 6. b3 d6 7. exd6 Qxd6 8. Bb2
Bf5 9. Be2 O-O-O 10. O-O f6 11. Ne1 h5 12. g3 g6 13. Bc3 e5 14. Na3 Qd7 15. Nb5
Ne6 16. Bf3 e4 17. Bxf6 Bg7 18. Bxg7 Qxg7 19. Bh1 g5 20. Ng2 Rd7 21. Kh2 Rhd8
22. Ne3 Bg6 23. hxg5 Nxg5 24. Nd5 Rf7 25. Nf4 Ne5 26. Qe2 Rxf4 27. gxf4 Ngf3+
28. Bxf3 Nxf3+ 29. Kh1 Qd7 30. Nd6+ Qxd6 31. Rg1 Qe6 32. Rg3 Rxd2 33. Qe3 Qf6
34. Kg2 Qxa1 35. Qxc5+ Kd7 36. Qb5+ Kd8 37. Qa5+ b6 0-1

[Event "Open Mediterranean 2017"]
[Site "Rijeka CRO"]
[Date "2009.12.01"]
[Round "5.34"]
[White "Valenti, Giuseppe"]
[Black "Gradiser, Dragoljub"]
[Result "1-0"]
[WhiteElo "2141"]
[BlackElo "1964"]
[PlyCount "101"]
[EventDate "2009.11.28"]
[EventType "swiss"]
[EventRounds "9"]
[EventCountry "CRO"]
[Source "lmi"]
[SourceDate "2009.11.28"]

1. e4 e5 2. Nf3 Nc6 3. Bb5 a6 4. Ba4 Nf6 5. O-O b5 6. Bb3 Be7 7. Re1 d6 8. c3
Bg4 9. h3 Bh5 10. d3 h6 11. Nbd2 O-O 12. Nf1 Na5 13. Bc2 c5 14. Ng3 Bg6 15. Nh4
Re8 16. Qf3 Bf8 17. Ngf5 Kh7 18. g4 Ng8 19. Qg3 Be7 20. Nxg6 fxg6 21. Nxe7 Qxe7
22. f4 Rf8 23. g5 h5 24. f5 gxf5 25. exf5 g6 26. f6 Qe6 27. d4 Nc6 28. d5 Qxd5
29. Be4 Qc4 30. Bxc6 Rad8 31. Be4 Nxf6 32. gxf6 Rxf6 33. Bg5 Rdf8 34. Bxf6 Rxf6
35. b3 Qe6 36. Rf1 Rxf1+ 37. Rxf1 d5 38. Qxg6+ Qxg6+ 39. Bxg6+ Kxg6 40. Rd1 d4
41. cxd4 cxd4 42. Rf1 Kg5 43. Kf2 Kf4 44. Ke2+ Ke4 45. Kd2 a5 46. Re1+ Kf4 47.
Kd3 h4 48. Re4+ Kg3 49. Rxe5 Kxh3 50. Kxd4 Kg4 51. Re1 1-0

[Event "Open Mediterranean 2017"]
[Site "Rijeka CRO"]
[Date "2009.12.01"]
[Round "5.35"]
[White "Nastic, Milorad"]
[Black "Thingstad, Even"]
[Result "1-0"]
[WhiteElo "2012"]
[BlackElo "2139"]
[PlyCount "101"]
[EventDate "2009.11.28"]
[EventType "swiss"]
[EventRounds "9"]
[EventCountry "CRO"]
[Source "lmi"]
[SourceDate "2009.11.28"]

1. e4 c6 2. d4 d5 3. Nc3 dxe4 4. Nxe4 Bf5 5. Ng3 Bg6 6. Nf3 Nd7 7. Bc4 e6 8.
O-O Bd6 9. Re1 Ngf6 10. Bg5 Qc7 11. Nh4 O-O 12. c3 c5 13. Nxg6 hxg6 14. dxc5
Qxc5 15. Bxf6 Nxf6 16. Qe2 Rad8 17. Rad1 Bc7 18. Bd3 Rd6 19. Be4 Nd5 20. Bxd5
Rxd5 21. Ne4 Qc6 22. c4 Re5 23. Qc2 Rc8 24. b4 a5 25. a3 Bd8 26. f4 Rh5 27. Nd6
Ra8 28. Qe4 Qxe4 29. Rxe4 axb4 30. axb4 Be7 31. c5 Rd8 32. Red4 Bf6 33. R4d3
Rd7 34. g4 Rh8 35. g5 Be7 36. Nc8 Rxd3 37. Rxd3 Bf8 38. Nd6 Rh4 39. Nxb7 Rg4+
40. Kh1 Rxf4 41. c6 Rc4 42. b5 e5 43. Rd7 e4 44. Rd8 f5 45. gxf6 gxf6 46. Na5
Rc1+ 47. Kg2 Kf7 48. Rxf8+ Kxf8 49. b6 e3 50. Kf3 Ke7 51. b7 1-0

[Event "Open Mediterranean 2017"]
[Site "Rijeka CRO"]
[Date "2009.12.01"]
[Round "5.36"]
[White "Levar, Nenad"]
[Black "Bubalo, Dean"]
[Result "1-0"]
[WhiteElo "2138"]
[BlackElo "1942"]
[PlyCount "71"]
[EventDate "2009.11.28"]
[EventType "swiss"]
[EventRounds "9"]
[EventCountry "CRO"]
[Source "lmi"]
[SourceDate "2009.11.28"]

1. d4 a6 2. c4 f6 3. e4 c6 4. Bd3 g6 5. Be3 Bg7 6. f3 Kf7 7. Nc3 e6 8. Nge2 Ne7
9. Qd2 d5 10. O-O b6 11. Rac1 Bb7 12. f4 dxe4 13. Bxe4 h5 14. Rce1 Nd7 15. Bf2
Qc7 16. Bc2 Rad8 17. Ng3 f5 18. Nge2 Nf6 19. h3 c5 20. Qe3 cxd4 21. Nxd4 Ne4
22. Nf3 Bxc3 23. bxc3 Rd6 24. Bxe4 fxe4 25. Ng5+ Kg7 26. Nxe4 Rc6 27. Ng5 Bc8
28. Qd4+ Kg8 29. Qf6 Nf5 30. Qxg6+ Qg7 31. Qe8+ Qf8 32. Qxc6 Ne7 33. Qxb6 Qxf4
34. Bd4 Qxg5 35. Qd8+ Kh7 36. Qxh8+ 1-0

[Event "Open Mediterranean 2017"]
[Site "Rijeka CRO"]
[Date "2009.12.01"]
[Round "5.37"]
[White "Orenda, Omar"]
[Black "Peric, Davor"]
[Result "1-0"]
[WhiteElo "2132"]
[BlackElo "1940"]
[PlyCount "41"]
[EventDate "2009.11.28"]
[EventType "swiss"]
[EventRounds "9"]
[EventCountry "CRO"]
[Source "lmi"]
[SourceDate "2009.11.28"]

1. Nf3 Nf6 2. c4 c6 3. d4 d5 4. e3 e6 5. b3 Be7 6. Bb2 Ne4 7. Bd3 f5 8. O-O O-O
9. Ne5 Nd7 10. f3 Nxe5 11. dxe5 Ng5 12. Qe2 c5 13. Nc3 b6 14. Rad1 Bb7 15. cxd5
exd5 16. Bc4 Kh8 17. Nxd5 Bxd5 18. Bxd5 Qc7 19. Bxa8 Rxa8 20. Qc4 Qc6 21. e4
1-0

[Event "Open Mediterranean 2017"]
[Site "Rijeka CRO"]
[Date "2009.12.01"]
[Round "5.38"]
[White "Kukina, Mario"]
[Black "Pejic, Irving"]
[Result "0-1"]
[WhiteElo "1949"]
[BlackElo "2132"]
[PlyCount "176"]
[EventDate "2009.11.28"]
[EventType "swiss"]
[EventRounds "9"]
[EventCountry "CRO"]
[Source "lmi"]
[SourceDate "2009.11.28"]

1. d4 d5 2. c4 c6 3. Nf3 Nf6 4. Nc3 e6 5. e3 Nbd7 6. Bd3 dxc4 7. Bxc4 b5 8. Bd3
b4 9. Ne4 Nxe4 10. Bxe4 Bb7 11. O-O Qb6 12. Qa4 Rc8 13. Bd3 Be7 14. Bd2 O-O 15.
Rac1 Rfd8 16. Be2 a5 17. a3 c5 18. Bb5 Nf6 19. dxc5 Rxc5 20. Rxc5 Bxc5 21. Bc1
Ne4 22. Ne5 bxa3 23. Nc4 axb2 24. Bxb2 Qa7 25. Nxa5 Bd5 26. Nc6 Qxa4 27. Bxa4
Ra8 28. Ra1 Rxa4 29. Rxa4 Bxc6 30. Ra6 Bb7 31. Ra5 f5 32. Ba3 Bxa3 33. Rxa3 Bd5
34. Ra7 h6 35. Re7 Kh7 36. f3 Nf6 37. Kf2 Kg6 38. h3 Ng8 39. Re8 Kf7 40. Rc8 g5
41. g4 Nf6 42. Rc7+ Kg6 43. Ra7 h5 44. gxh5+ Nxh5 45. Ra4 Nf6 46. Rb4 Kh5 47.
Rb8 Nd7 48. Rh8+ Kg6 49. h4 gxh4 50. Rxh4 Nc5 51. Rh8 Nd3+ 52. Kg3 Ne5 53. e4
fxe4 54. fxe4 Bxe4 55. Kf4 Nf7 56. Rg8+ Kh7 57. Rf8 Bg6 58. Rb8 Kg7 59. Rb7 Kf6
60. Rb6 Bf5 61. Ra6 Ne5 62. Ra8 Ng6+ 63. Ke3 e5 64. Ra5 Nf4 65. Ra8 Nd5+ 66.
Ke2 e4 67. Rf8+ Ke5 68. Re8+ Be6 69. Ra8 Kf4 70. Rf8+ Bf5 71. Rd8 Bg4+ 72. Ke1
Nb4 73. Rb8 Nd3+ 74. Kd2 Bf5 75. Re8 Ne5 76. Ra8 e3+ 77. Ke1 Kf3 78. Ra2 Nd3+
79. Kf1 Nc1 80. Rf2+ Ke4 81. Rc2 Bh3+ 82. Kg1 Nb3 83. Rb2 Nd4 84. Ra2 Nf3+ 85.
Kh1 Kf4 86. Ra4+ Kg3 87. Rg4+ Kf2 88. Rg3 e2 0-1

[Event "Open Mediterranean 2017"]
[Site "Rijeka CRO"]
[Date "2009.12.01"]
[Round "5.39"]
[White "Broekman, Willem"]
[Black "Mikalsen, Erlend"]
[Result "1-0"]
[WhiteElo "2129"]
[BlackElo "1936"]
[PlyCount "53"]
[EventDate "2009.11.28"]
[EventType "swiss"]
[EventRounds "9"]
[EventCountry "CRO"]
[Source "lmi"]
[SourceDate "2009.11.28"]

1. d4 f5 2. e4 fxe4 3. Nc3 Nf6 4. Bg5 Nc6 5. d5 Ne5 6. Qe2 c6 7. O-O-O d6 8.
Bxf6 gxf6 9. Nxe4 Qa5 10. Nc3 Bd7 11. f4 Bh6 12. Qh5+ Nf7 13. g3 Rg8 14. Bh3
Bxh3 15. Nxh3 Rg6 16. Rhe1 Ne5 17. Kb1 Nc4 18. Qe2 Na3+ 19. bxa3 O-O-O 20. Qc4
Rd7 21. Qb4 Qc7 22. Nf2 a5 23. Qd4 f5 24. Na4 c5 25. Qh8+ Rd8 26. Qxh7 Rdg8 27.
Rxe7 1-0

[Event "Open Mediterranean 2017"]
[Site "Rijeka CRO"]
[Date "2009.12.01"]
[Round "5.41"]
[White "Lakovic, Igor"]
[Black "Sercer, Zoran"]
[Result "1-0"]
[WhiteElo "1940"]
[BlackElo "2116"]
[PlyCount "123"]
[EventDate "2009.11.28"]
[EventType "swiss"]
[EventRounds "9"]
[EventCountry "CRO"]
[Source "lmi"]
[SourceDate "2009.11.28"]

1. c4 e6 2. g3 d5 3. Nf3 Nf6 4. Bg2 c6 5. O-O Be7 6. b3 O-O 7. Bb2 Nbd7 8. e3
b6 9. Qe2 Bb7 10. d3 c5 11. Nbd2 Qc7 12. Rac1 Rad8 13. Rfd1 Rfe8 14. d4 Bd6 15.
dxc5 bxc5 16. cxd5 exd5 17. b4 Qb6 18. bxc5 Bxc5 19. Nb3 Ba6 20. Qc2 Bc4 21.
Nxc5 Nxc5 22. Bd4 Qd6 23. Nh4 Nce4 24. Qa4 Qe6 25. h3 g5 26. Nf3 Be2 27. Re1
Bxf3 28. Bxf3 Qxh3 29. Bg2 Qf5 30. Qc2 g4 31. Qe2 Ng5 32. Bxf6 Nf3+ 33. Bxf3
gxf3 34. Qf1 Qxf6 35. Red1 Re4 36. Qh3 Qg5 37. Rc8 Rxc8 38. Qxc8+ Kg7 39. Qc3+
f6 40. Qc7+ Kg6 41. Qd7 Rxe3 42. Qxa7 Re4 43. Qa8 Re5 44. a4 Qf5 45. Qg8+ Kh5
46. Kh2 Qg6 47. Qa8 Kh6 48. Qf8+ Kh5 49. Rd4 Kg5 50. Qc8 f5 51. Qc1+ Kf6 52.
Rh4 h5 53. Rb4 Re6 54. Qc3+ Kf7 55. Qxf3 Rd6 56. Qf4 Qe6 57. a5 Kg6 58. Qd4 Qe4
59. Qxe4 fxe4 60. Rb6 Rf6 61. Rxf6+ Kxf6 62. a6 1-0

[Event "Open Mediterranean 2017"]
[Site "Rijeka CRO"]
[Date "2009.12.01"]
[Round "5.42"]
[White "Mateljak, Goran"]
[Black "Bjelicic, Jan"]
[Result "0-1"]
[WhiteElo "1936"]
[BlackElo "2087"]
[PlyCount "100"]
[EventDate "2009.11.28"]
[EventType "swiss"]
[EventRounds "9"]
[EventCountry "CRO"]
[Source "lmi"]
[SourceDate "2009.11.28"]

1. Nf3 Nf6 2. g3 g6 3. Bg2 Bg7 4. O-O O-O 5. c4 d6 6. Nc3 e5 7. Rb1 Nbd7 8. b4
Nh5 9. Qb3 c6 10. d3 Kh8 11. Ne4 Qe7 12. c5 d5 13. Nd6 h6 14. Nh4 Kh7 15. e4 d4
16. Bh3 Nb6 17. Nxc8 Nxc8 18. b5 cxb5 19. Qxb5 Rb8 20. Ba3 Re8 21. Rb3 a6 22.
Qd7 Na7 23. c6 Qxd7 24. Bxd7 bxc6 25. Bxe8 Rxe8 26. Rb7 Nb5 27. Bb4 Bf6 28.
Rxf7+ Kg8 29. Rb7 Bxh4 30. gxh4 Nf4 31. Rd1 Rd8 32. Rb6 c5 33. Ba5 Nc3 34. Rd2
Rc8 35. Bxc3 dxc3 36. Rc2 Rd8 37. Rb1 Rxd3 38. Rb8+ Kf7 39. Rb7+ Ke6 40. Rb6+
Kd7 41. Rb1 c4 42. Kf1 Rh3 43. Rd1+ Kc6 44. Kg1 Kc5 45. Re1 Kd4 46. Re3 Rxe3
47. fxe3+ Kxe3 48. Rxc3+ Kd4 49. Ra3 c3 50. Rxa6 c2 0-1

[Event "Open Mediterranean 2017"]
[Site "Rijeka CRO"]
[Date "2009.12.01"]
[Round "5.45"]
[White "Padjen, Zdenko"]
[Black "Beljan, Mladen"]
[Result "1-0"]
[WhiteElo "2082"]
[BlackElo "1908"]
[PlyCount "114"]
[EventDate "2009.11.28"]
[EventType "swiss"]
[EventRounds "9"]
[EventCountry "CRO"]
[Source "lmi"]
[SourceDate "2009.11.28"]

1. e4 e5 2. Nf3 Nc6 3. Bb5 a6 4. Ba4 b5 5. Bb3 d6 6. a4 Be6 7. Bxe6 fxe6 8.
axb5 axb5 9. Rxa8 Qxa8 10. Ng5 Nf6 11. Nxe6 Kd7 12. Nxf8+ Rxf8 13. d3 Nd4 14.
c3 Ne6 15. O-O g5 16. Na3 c6 17. f3 h5 18. Kh1 h4 19. d4 exd4 20. cxd4 Qa4 21.
Be3 Qxd1 22. Rxd1 d5 23. e5 Nh5 24. Nc2 h3 25. Ra1 g4 26. fxg4 hxg2+ 27. Kg1
Nhf4 28. Ra7+ Ke8 29. h4 Rf7 30. Ra8+ Ke7 31. h5 Rg7 32. Ra7+ Kf8 33. Rxg7 Kxg7
34. Nb4 Ne2+ 35. Kxg2 N2xd4 36. Kh3 c5 37. Nxd5 Nf3 38. Nf4 Neg5+ 39. Kg3 Nxe5
40. Nh3 Ne6 41. Nf4 Ng5 42. Nd5 Nef7 43. Kf4 Ne6+ 44. Kf5 Nd4+ 45. Ke4 Ne6 46.
Nf4 Neg5+ 47. Kf5 c4 48. Bc5 Nh7 49. Ne6+ Kg8 50. g5 Kh8 51. g6 Nh6+ 52. Kf4
Nf6 53. Bd4 Nhg8 54. Kg5 b4 55. h6 b3 56. Nd8 Nxh6 57. Bxf6+ Kg8 1-0

[Event "Open Mediterranean 2017"]
[Site "Rijeka CRO"]
[Date "2009.12.01"]
[Round "5.46"]
[White "Logar, Metod"]
[Black "Grguric, Daria"]
[Result "1-0"]
[WhiteElo "2071"]
[BlackElo "1884"]
[PlyCount "75"]
[EventDate "2009.11.28"]
[EventType "swiss"]
[EventRounds "9"]
[EventCountry "CRO"]
[Source "lmi"]
[SourceDate "2009.11.28"]

1. e4 e6 2. d4 d5 3. Nd2 a6 4. Ngf3 Nf6 5. Bd3 c5 6. exd5 exd5 7. Qe2+ Be7 8.
dxc5 O-O 9. Nb3 Re8 10. Be3 Nbd7 11. O-O Nxc5 12. Qd2 Nfe4 13. Qd1 Bg4 14. Nxc5
Nxc5 15. Be2 Ne4 16. Re1 Bd6 17. Nd4 Bxe2 18. Qxe2 Qh4 19. h3 Rad8 20. Rad1 Bc7
21. Qg4 Qxg4 22. hxg4 Bb6 23. c3 Nd6 24. Nc2 Nc4 25. Bxb6 Nxb6 26. Rxe8+ Rxe8
27. Ne3 Rd8 28. Kf1 Kf8 29. Ke2 Ke7 30. Kd3 Nc4 31. b3 Nxe3 32. Kxe3 Ke6 33.
Kd4 f6 34. Re1+ Kd6 35. Re3 b5 36. f4 g6 37. f5 gxf5 38. gxf5 1-0

[Event "Open Mediterranean 2017"]
[Site "Rijeka CRO"]
[Date "2009.12.01"]
[Round "5.47"]
[White "Kanceljak, Dalia"]
[Black "Gheng, Simona"]
[Result "1-0"]
[WhiteElo "1919"]
[BlackElo "2017"]
[PlyCount "47"]
[EventDate "2009.11.28"]
[EventType "swiss"]
[EventRounds "9"]
[EventCountry "CRO"]
[Source "lmi"]
[SourceDate "2009.11.28"]

1. e4 c5 2. Nf3 d6 3. d4 cxd4 4. Nxd4 Nf6 5. Nc3 g6 6. Be3 Bg7 7. Be2 Nc6 8.
Nb3 O-O 9. O-O a6 10. a4 Be6 11. Nd4 Nxd4 12. Bxd4 Rc8 13. f4 Bc4 14. Kh1 Bxe2
15. Qxe2 Nd7 16. e5 Qa5 17. Rad1 dxe5 18. Bg1 Nb8 19. Nd5 Nc6 20. b3 Nd4 21.
Nxe7+ Kh8 22. Bxd4 Rce8 23. Bxe5 Bxe5 24. Rd5 1-0

[Event "Open Mediterranean 2017"]
[Site "Rijeka CRO"]
[Date "2009.12.01"]
[Round "5.48"]
[White "Stefan, Mario"]
[Black "Pejic, Igor"]
[Result "1-0"]
[WhiteElo "1996"]
[BlackElo "1873"]
[PlyCount "115"]
[EventDate "2009.11.28"]
[EventType "swiss"]
[EventRounds "9"]
[EventCountry "CRO"]
[Source "lmi"]
[SourceDate "2009.11.28"]

1. Nf3 d5 2. d4 Nf6 3. c4 c6 4. Nc3 e6 5. e3 Nbd7 6. Bd3 dxc4 7. Bxc4 b5 8. Be2
b4 9. Na4 Qa5 10. b3 c5 11. O-O Bb7 12. Qd3 a6 13. Bb2 Be7 14. a3 cxd4 15. axb4
Qxb4 16. Nxd4 e5 17. Bc3 Be4 18. Qd1 Qb7 19. Nf3 O-O 20. Bc4 h6 21. Qe2 Rfd8
22. Rfd1 Bb4 23. Ra2 Bc6 24. Rad2 Ne4 25. Bxb4 Qxb4 26. Rc2 Bxa4 27. bxa4 Nb6
28. Rdc1 Rac8 29. Nxe5 Nxc4 30. Nxc4 Qxa4 31. f3 Nf6 32. e4 Qb5 33. Qe1 Nd7 34.
Qa5 Qxa5 35. Nxa5 Rxc2 36. Rxc2 Ne5 37. Ra2 Rb8 38. f4 Nd3 39. g3 Kf8 40. Nc6
Rb1+ 41. Kg2 Rb2+ 42. Rxb2 Nxb2 43. Kf3 Ke8 44. Ke3 Kd7 45. Nb8+ Ke6 46. Nxa6
Nd1+ 47. Kd4 Nf2 48. Nc5+ Kf6 49. Nd3 Ng4 50. h3 Nh2 51. Ne5 Nf1 52. g4 Nd2 53.
Ke3 Nf1+ 54. Ke2 Ng3+ 55. Kf3 Nf1 56. Nc4 g5 57. fxg5+ Kg6 58. Kg2 1-0

[Event "Open Mediterranean 2017"]
[Site "Rijeka CRO"]
[Date "2009.12.01"]
[Round "5.49"]
[White "Baljak, Jadranko"]
[Black "Monjac, Mislav"]
[Result "0-1"]
[WhiteElo "1960"]
[BlackElo "1856"]
[PlyCount "145"]
[EventDate "2009.11.28"]
[EventType "swiss"]
[EventRounds "9"]
[EventCountry "CRO"]
[Source "lmi"]
[SourceDate "2009.11.28"]

1. Nf3 Nf6 2. c4 c5 3. d4 cxd4 4. Nxd4 Nc6 5. Nc3 e6 6. a3 a6 7. e4 d6 8. Be2
Qc7 9. Be3 Be7 10. O-O Bd7 11. Qd2 O-O 12. Rac1 Nxd4 13. Bxd4 Rfd8 14. f3 Rac8
15. Rfd1 b6 16. Kh1 Qb8 17. Na2 Be8 18. Bf1 b5 19. cxb5 axb5 20. Nb4 d5 21.
exd5 Nxd5 22. Rxc8 Qxc8 23. Nxd5 Rxd5 24. Bd3 Rxd4 25. Bxh7+ Kxh7 26. Qxd4 Bf6
27. Qd3+ g6 28. b3 Qa8 29. a4 bxa4 30. bxa4 Qxa4 31. h3 Bb5 32. Qd2 Kg7 33. Kg1
Bc6 34. Kh1 Bd5 35. Qe2 Qh4 36. Qe1 Qf4 37. Qd2 Qa4 38. Qe2 Qb4 39. Qd2 Qc4 40.
Rc1 Qh4 41. Rd1 Be5 42. Qd3 Qg3 43. Kg1 Qh2+ 44. Kf1 Bg3 45. Qd4+ Kh7 46. Rc1
Qh1+ 47. Qg1 Qxg1+ 48. Kxg1 f5 49. Rd1 Kg7 50. Kf1 Bc4+ 51. Kg1 Kf6 52. Rc1 Bd5
53. Rd1 Ke5 54. Rf1 Kd4 55. Ra1 Ke3 56. Ra3+ Ke2 57. Rc3 g5 58. Rc2+ Kd3 59.
Rb2 Ke3 60. Rc2 Kd4 61. Rb2 e5 62. Rd2+ Kc5 63. Rc2+ Kd6 64. Re2 e4 65. fxe4
fxe4 66. Rc2 Ke5 67. Rb2 e3 68. Rb1 e2 69. Rc1 Ke4 70. Rb1 Ke3 71. Ra1 e1=Q+
72. Rxe1+ Bxe1 73. Kh2 0-1

[Event "Open Mediterranean 2017"]
[Site "Rijeka CRO"]
[Date "2009.12.01"]
[Round "5.50"]
[White "Klobucar, Damir"]
[Black "Krsnik Cohar, Ivan Vihor"]
[Result "0-1"]
[WhiteElo "1958"]
[BlackElo "1732"]
[PlyCount "118"]
[EventDate "2009.11.28"]
[EventType "swiss"]
[EventRounds "9"]
[EventCountry "CRO"]
[Source "lmi"]
[SourceDate "2009.11.28"]

1. d4 d5 2. c4 Bf5 3. Qb3 dxc4 4. Qxb7 Nd7 5. Nc3 Qc8 6. Qc6 e6 7. e4 Bg6 8.
Bxc4 Bb4 9. f3 Ne7 10. Qa4 Bxc3+ 11. bxc3 O-O 12. Bd3 c5 13. Ba3 cxd4 14. Qxd4
Nc6 15. Qe3 Rd8 16. Ne2 Nde5 17. Rd1 Nxd3+ 18. Rxd3 Qa6 19. Rxd8+ Rxd8 20. Qc5
f6 21. Kf2 Ne5 22. Kg3 Qxe2 23. Qe7 Re8 24. Qxa7 Qxa2 25. Qc5 Qc4 26. Qe3 Qc7
27. Kf2 Nc4 28. Qc5 Qxc5+ 29. Bxc5 Rc8 30. Bb4 f5 31. exf5 Bxf5 32. Re1 Kf7 33.
Ra1 Rc7 34. Ra8 Nb2 35. Ke3 Rd7 36. Rc8 e5 37. Rf8+ Kg6 38. Re8 Nc4+ 39. Kf2
Rd2+ 40. Kg1 Kg5 41. Be7+ Kf4 42. Rf8 Rd7 43. g3+ Kxf3 44. Rxf5+ Ke4 45. Rf7
Nd6 46. Rxg7 Nf5 47. Rxh7 Rxe7 48. Rxe7 Nxe7 49. Kf2 Kd3 50. Ke1 Kxc3 51. Ke2
Kd4 52. h4 Ke4 53. h5 Ng8 54. g4 Kf4 55. Kd3 e4+ 56. Ke2 Kxg4 57. Ke3 Kf5 58.
Ke2 Nf6 59. h6 Kg6 0-1

[Event "Open Mediterranean 2017"]
[Site "Rijeka CRO"]
[Date "2009.12.02"]
[Round "6.1"]
[White "Kovacevic, Aleksandar"]
[Black "Ruck, Robert"]
[Result "1/2-1/2"]
[WhiteElo "2558"]
[BlackElo "2356"]
[PlyCount "45"]
[EventDate "2009.11.28"]
[EventType "swiss"]
[EventRounds "9"]
[EventCountry "CRO"]
[Source "lmi"]
[SourceDate "2009.11.28"]

1. e4 c5 2. Nf3 d6 3. d4 cxd4 4. Nxd4 Nf6 5. Nc3 a6 6. h3 e6 7. g4 d5 8. exd5
Nxd5 9. Bd2 Bb4 10. Nxd5 Bxd2+ 11. Qxd2 Qxd5 12. Rg1 Bd7 13. Bg2 Qe5+ 14. Qe3
Qxe3+ 15. fxe3 Bc6 16. Nxc6 Nxc6 17. Bxc6+ bxc6 18. O-O-O Ke7 19. Rd4 Rhd8 20.
Rgd1 Rxd4 21. Rxd4 f5 22. Kd2 Rb8 23. b3 1/2-1/2

[Event "Open Mediterranean 2017"]
[Site "Rijeka CRO"]
[Date "2009.12.02"]
[Round "6.2"]
[White "Predojevic, Borki"]
[Black "Cvitan, Ognjen"]
[Result "1/2-1/2"]
[WhiteElo "2652"]
[BlackElo "2533"]
[PlyCount "55"]
[EventDate "2009.11.28"]
[EventType "swiss"]
[EventRounds "9"]
[EventCountry "CRO"]
[Source "lmi"]
[SourceDate "2009.11.28"]

1. e4 c6 2. d4 d5 3. e5 Bf5 4. Nf3 e6 5. Be2 Nd7 6. O-O Bg6 7. Nbd2 Nh6 8. c3
Be7 9. Ne1 O-O 10. Ndf3 c5 11. Bxh6 gxh6 12. Qd2 Kg7 13. Nd3 cxd4 14. cxd4 a5
15. Nf4 Qb6 16. h4 Rfc8 17. Bd3 Rc7 18. Qe3 Rac8 19. h5 Bxd3 20. Nxd3 Rc2 21.
Rac1 Rxc1 22. Rxc1 Rxc1+ 23. Qxc1 Nb8 24. Qf4 Nc6 25. Qg4+ Kf8 26. Qf4 Kg7 27.
Qg4+ Kf8 28. Qf4 1/2-1/2